000 00769nam a22002057a 4500
005 20240905112428.0
010 _aENG-141647
020 _a9789393934826
_c700.00
035 _aEN-125179
037 _bDBAD
082 _a954.53
_21
100 _aSinha, Sujata
_971069
245 _aDeoghar:
_bAn Emerging Tourist Destination of Jharkhand/
_cBy Sujata Sinha [and] Forword By Nageshwar Sharma
250 _a1
260 _aNew Delhi
_bShandilya Publications
_c2024
270 _a760, Pocket-D, Lok Nayak Puram
_bNew Delhi
_e110041
_k9811966858
_k9560825474
_k9999770680
_mshandilyapublications@gmail.com
_mshandilyabooks@gmail.com
300 _axvi,176p.
_c22cm(Hb)
700 _aSharma, Nageshwar
_eForword
_971070
942 _2ddc
_cEN
_mSIN
_h954.53
_e1
999 _c205570
_d205570